Jez jako kanec /

Hlavní autor: Bakonyi Selingerová, Ludmila, 1987-
Další autoři: Ceccarelli, Alessandro, 1976-
Jazyk: Čeština
Vydáno: V Brně : Jota, 2022
Vydání: Vydání první
Témata:
Fyzický popis: 98 stran : ilustrace (převážně barevné), noty ; 22 cm
Knihy
Uloženo v:
LEADER 02123nam a2200553 i 4500
001 nkc20223474789
003 CZ PrNK
005 20230425135410.0
007 ta
008 221205s2022 xr ag b 000 j cze
015 |a cnb003474789 
020 |a 978-80-7689-035-0  |q (vázáno) 
035 |a (OCoLC)1372328739 
040 |a ABG001  |b cze  |e rda 
072 7 |a 613  |x Hygiena. Lidské zdraví  |2 Konspekt  |9 14 
072 7 |a 0/9-053.2  |x Literatura pro děti a mládež (naučná)  |2 Konspekt  |9 26 
080 |a 613.2  |2 MRF 
080 |a 613:37.03  |2 MRF 
080 |a 502:37.03  |2 MRF 
080 |a (0:82-321.7)  |2 MRF 
080 |a (0.053.2)  |2 MRF 
100 1 |a Bakonyi Selingerová, Ludmila,  |d 1987-  |7 ola2014845244  |4 aut 
245 1 0 |a Jez jako kanec /  |c Ludmila Bakonyi Selingerová ; ilustrace Alessandro Ceccarelli 
250 |a Vydání první 
264 1 |a V Brně :  |b Jota,  |c 2022 
300 |a 98 stran :  |b ilustrace (převážně barevné), noty ;  |c 22 cm 
336 |a text  |b txt  |2 rdacontent 
336 |a statický obraz  |b sti  |2 rdacontent 
337 |a bez média  |b n  |2 rdamedia 
338 |a svazek  |b nc  |2 rdacarrier 
500 |a Obálkový podnázev: kniha plná interaktivních písniček 
650 0 7 |a racionální výživa  |7 ph124968  |2 czenas 
650 0 7 |a výchova ke zdraví  |7 ph127426  |2 czenas 
650 0 7 |a environmentální výchova a vzdělávání  |7 ph119964  |2 czenas 
650 0 9 |a rational nutrition  |2 eczenas 
650 0 9 |a health education  |2 eczenas 
650 0 9 |a environmental education  |2 eczenas 
655 7 |a didaktické příběhy  |7 fd132016  |2 czenas 
655 7 |a publikace pro děti  |7 fd133156  |2 czenas 
655 9 |a didactic stories  |2 eczenas 
655 9 |a children's literature  |2 eczenas 
700 1 |a Ceccarelli, Alessandro,  |d 1976-  |7 jo20231185861  |4 ill 
910 2 |a BOA001  |b 2-1502.272 
920 |a 4681425  |z ABG001 
990 |a BK 
995 |a 01 
991 |b 202301  |c NOV 
996 6 |b 2610928193  |c 2-1502.272  |l MZK  |r Sklad / do 1 hodiny  |n 0  |p p.v.  |w 001911718  |u 000010  |a 1  |e BOA001  |j MZK50  |s P 
996 7 |b 2610928194  |c 2-1502.272  |l MZK  |r Sklad / do 1 hodiny  |n 2  |p p.v.  |w 001911718  |u 000020  |a 1  |e BOA001  |j MZK50  |s A